| 000 | 00499nam a2200181Ia 4500 | ||
|---|---|---|---|
| 001 | 18911 | ||
| 005 | 20260306171705.0 | ||
| 008 | 260306s9999||||xx |||||||||||||| ||und|| | ||
| 041 | _aESP | ||
| 082 |
_a658.562 _bCH518 |
||
| 100 |
_aChang, Richard Y. _eAUT |
||
| 245 | 0 |
_aMejora continua de procesos: _bguía práctica para mejorar procesos y lograr resultados medibles |
|
| 260 | _c1996 | ||
| 300 |
_aix, 109 páginas : _c23 cm. |
||
| 650 | _aGEN | ||
| 654 | _aCAN | ||
| 942 |
_cLIB _dJUS _fJUS _2ddc _n |
||
| 999 |
_c18911 _d18911 |
||